00984nam a2200241 a 450000100060000000300080000600500170001400800410003103500190007204000350009104100080012608200280013410000300016224501880019226000530038030000320043350400390046561000360050470000310054094200120057199900170058395201420060060837BD-RjUL20211209080904.0500101s1962 enk 001 0 eng d a(BD-RjUL)60961 aBD-RjULcBD-RjULdBD-RjULbeng aeng a378.42659223bPEA 19621 a Peek, Heather E.918133214aThe Archives of the University of Cambridge :ban historical introduction /cby Heather E. Peek, keeper of the Archives, and Catherine P. Hall, sometime deputy keeper of the Archives. aCambridge :bCambridge University Press,cc1962. avii, 89 p. :bill. ;c26cm. aIncludes bibliographies and index.20aUniversity of Cambridge91813331 aHall, Catherine P.9181334 2ddccBK c60837d60837 00102ddc40718NFICaRUCLbRUCLcReadingd1969-12-27eZeitlingerg0.00l0o378.42659 PEA 1962r2017-01-03 00:00:00tC-1w2017-01-03yBK